Experimentelle Untersuchungen über die Druckfestigkeit der menschlichen Niere [különlenyomat] /

Elmentve itt :
Bibliográfiai részletek
Szerzők: Fazekas István Gyula
Kósa Ferenc
Jobba György
Mészáros Erzsébet
Dokumentumtípus: Cikk
Megjelent: 1971
Sorozat:Kolligátum
Kulcsszavak:Igazságügyi orvostan
Online Access:http://misc.bibl.u-szeged.hu/26631
LEADER 00724nab a2200205 i 4500
001 misc26631
005 20191108145937.0
008 170824s1971 hu o 0|| zxx d
040 |a SZTE Miscellanea Repozitórium  |b hun 
041 |a zxx 
100 1 |a Fazekas István Gyula 
245 1 0 |a Experimentelle Untersuchungen über die Druckfestigkeit der menschlichen Niere   |h [elektronikus dokumentum] :  |b [különlenyomat] /  |c  Fazekas István Gyula 
260 |c 1971 
300 |a 1-8 
490 0 |a Kolligátum 
695 |a Igazságügyi orvostan 
700 0 1 |a Kósa Ferenc  |e aut 
700 0 1 |a Jobba György  |e aut 
700 0 1 |a Mészáros Erzsébet  |e aut 
856 4 0 |u http://misc.bibl.u-szeged.hu/26631/1/019_010_001-008.pdf  |z Dokumentum-elérés